Cto noveho v sovremennom russkom jazyke? (iz nabljudenij nad sovremennij russkoj recju)

Článok sa zaoberá niektorými trendmi v modernom ruskom jazyku, resp. ruskej reči, ktoré sú stabilné a systémové: internacionalizácia, demokratizácia, expresivizácia, univerbácia (v rámci všeobecného jazykového smerovania k šetreniu jazykových prostriedkov). Pozorovania modernej ruskej reči umožnili...

Descripción completa

Guardado en:
Detalles Bibliográficos
Autor principal: Markova, Elena, 1960-
Formato: Capítulo de libro
Lenguaje:ruso
Materias:
Etiquetas: Agregar Etiqueta
Sin Etiquetas, Sea el primero en etiquetar este registro!

MARC

LEADER 00000naa$a2200000$$$4500
001 0308208
005 20250422092237.6
041 0 |a rus 
044 |a SK 
245 1 0 |a Cto noveho v sovremennom russkom jazyke? (iz nabljudenij nad sovremennij russkoj recju)  |c Elena Markova 
520 |a Článok sa zaoberá niektorými trendmi v modernom ruskom jazyku, resp. ruskej reči, ktoré sú stabilné a systémové: internacionalizácia, demokratizácia, expresivizácia, univerbácia (v rámci všeobecného jazykového smerovania k šetreniu jazykových prostriedkov). Pozorovania modernej ruskej reči umožnili autorovi identifikovať a analyzovať množstvo najaktívnejších neoderivatív, ktoré vznikli 1) na základe zdrojov v anglickom jazyku, 2) ako výsledok zhustenia fráz do jednoslovného názvu. 
610 2 0 |a jazyky cudzie 
610 2 0 |a jazykoveda 
610 2 0 |a ruština 
610 2 0 |a zásoba slovná 
100 1 |a Markova, Elena, 1960-